01180nam0a22002531 4500001001500000005001700015035002600032100004100058101001300099102000700112105001800119200021700137210004500354215002300399225015500422300008300577451009600660700005200756702003000808801001800838801002200856801002700878852002100905v19\rc\186569620251118180214.9 a(NLR Aleph) 004958054 a20080221d1909 u y0rusy50 ca1 aruscger aRU aa z |||||1 aО хорошем уходе за коровой, теленком и быкомfСост. проф. С.-х. акад. ШтейертgПер. с нем. под ред. вет. врача Н.И. Шнелля aМоскваcтип. Вильдеd1909 a151 с.cил.d221 aДеревенское хозяйство и крестьянская жизньfПод ред. И. Горбунова-ПосадоваvВып. 73 aПер. также под загл.: Как ходить за коровой 012001#$aКак ходить за коровойtКак ходить за коровой 1aШтейертbЛ.f1853-gЛюдвиг4220 1aШнелльbН.И.4340 0aRUbNLRgpsbo 0aRUbRuMoRGB2psbo 1aRUbProSoft-M2rusmarc aNLRj38.80.7.199